Κατάλογος Βιβλιοθηκών Mediterranean College

ΜΑΘΗΜΑΤΑ ΑΝΑΤΟΜΙΚΗΣ (Record no. 6785)

MARC details
000 -LEADER
fixed length control field 01102cam a22002174a 4500
005 - ΗΜΕΡΟΜΗΝΙΑ ΚΑΙ ΩΡΑ ΤΕΛΕΥΤΑΙΑΣ ΕΝΗΜΕΡΩΣΗΣ
Πεδίο ελέγχου 20250605164251.0
008 - FIXED-LENGTH DATA ELEMENTS--GENERAL INFORMATION
Πεδίο ελέγχου σταθερού μήκους 250528s ||||||||||||||||||||||||d
035 ## - SYSTEM CONTROL NUMBER
System control number 21726
020 ## - ISBN
ISBN 9789604521074
040 ## - ΠΗΓΗ ΚΑΤΑΛΟΓΟΓΡΑΦΗΣΗΣ
Φορέας πρωτότυπης καταλογογράφησης MC Athens Campus Library
Γλώσσα καταλογογράφησης Ελληνικά, Μοντέρνα (1453-)
Modifying agency MC Athens Campus Library
Κανόνες περιγραφικής καταλογογράφησης AACR2
245 1# - ΤΙΤΛΟΣ ΚΑΙ ΔΗΛΩΣΗ ΥΠΕΥΘΥΝΟΤΗΤΑΣ
Τίτλος ΜΑΘΗΜΑΤΑ ΑΝΑΤΟΜΙΚΗΣ
250 ## - EDITION STATEMENT
Edition statement 1
260 ## - PUBLICATION, DISTRIBUTION, ETC.
Name of publisher, distributor, etc. Βητα Ιατρικες Εκδόσεις,
Date of publication, distribution, etc. 2006
300 ## - PHYSICAL DESCRIPTION
Extent 303
505 0# - FORMATTED CONTENTS NOTE
Formatted contents note ΑΝΑΤΟΜΙΑ ΑΝΑΤΟΜΙΚΗ ΠΕΠΤΙΚΟ ΣΥΣΤΗΜΑ ΑΝΑΠΝΕΥΣΤΙΚΟ ΣΥΣΤΗΜΑ ΑΔΕΝΕΣ ΟΡΑΣΗ ΝΕΥΡΙΚΟ ΣΥΣΤΗΜΑ ΓΕΝΝΗΤΙΚΟ ΣΥΣΤΗΜΑ ΟΥΡΟΠΟΙΗΤΙΚΟ ΣΥΣΤΗΜΑ ΚΙΝΗΣΙΟΛΟΓΙΑ ΟΣΤΕΟΛΟΓΙΑ
520 ## - SUMMARY, ETC.
Summary, etc. ΑΝΑΤΟΜΙΑ ΑΝΑΤΟΜΙΚΗ ΠΕΠΤΙΚΟ ΣΥΣΤΗΜΑ ΑΝΑΠΝΕΥΣΤΙΚΟ ΣΥΣΤΗΜΑ ΑΔΕΝΕΣ ΟΡΑΣΗ ΝΕΥΡΙΚΟ ΣΥΣΤΗΜΑ ΓΕΝΝΗΤΙΚΟ ΣΥΣΤΗΜΑ ΟΥΡΟΠΟΙΗΤΙΚΟ ΣΥΣΤΗΜΑ ΚΙΝΗΣΙΟΛΟΓΙΑ ΟΣΤΕΟΛΟΓΙΑ
700 1# - ΠΡΟΣΘΕΤΗ ΑΝΑΓΡΑΦΗ--ΦΥΣΙΚΟ ΠΡΟΣΩΠΟ
Personal name Καμμας Αντωνης
9 (RLIN) 7649
942 ## - ADDED ENTRY ELEMENTS (KOHA)
Koha item type Books
Holdings
Τύπος τεκμηρίου Βιβλιοθήκη Τρέχουσα τοποθεσία Barcode Αριθμός εισαγωγής Ημερομηνία απόκτησης Ταξιθετικό σύμβολο Αριθμός αντιτύπου Κατάσταση απόσυρσης Κατάσταση χαμένου Κατάσταση κατεστραμμένου Μη δανεισμός Σύνολο δανεισμών Ημερομηνία τελευταίας εμφάνισης Η τιμή ισχύει από
Books MC Thessaloniki Campus Library MC Thessaloniki Campus Library 9780000067845 1807 05/06/2025 611 ΚΑΜ 1           05/06/2025 05/06/2025

MC Athens Campus Library
Πατησίων 94 & Κοδριγκτώνος 13, 104 34
Πελλήνης 8 & Πατησίων 107, 112 51
Τ: +30 210 8899600

MC Thessaloniki Campus Library
Ίωνος Δραγούμη 21, 54625 | Ίωνος Δραγούμη 15, 54625
Τ: +30 2310 287779 – Τ: +30 2314 440300